1786 1175 1897 1197 1019 1965 1403 1623 1235 1095 1259 1152 1811 1572 1086 1260 1483 1809 1396 1512 1702 1086 1587 1516 1322 1996 1397 1556 1535 1217 1495 1494 1914 1356 1308 1726 1345 1114 1521 1754 1241 1425 1898 1848 1109 1054 1543 1582 1851 1767 1807 1168 1304 1084 1913 1667 1588 1794 1073 1919 1706 1788 1522 1705 1307 1531 1963 1267 1982 1091 1189 1049 1851 1263 1484 1106 1155 1438 1263 1049 1614 1685 1279 1843 1303 1155 1693 1269 1047 1467 1715 1721 1468 1547 1301 1301 1178 1492 1939 BCNSPRNW ULIB Ver.6.0+V

เปลี่ยนเป็นภาษาไทย

Change to English
 แสดงรายละเอียดบรรณานุกรม
  กลับหน้าหลัก

Brief Record : Get Marc (ISO 2709) : E-mail record : QR code < ปิดหน้าต่าง
LEADER : 00000nam 2200000uu 4500
001    13399120684
003     ULIB
008    121004s2551||||th 000 0 tha d
020    ^a9789740636502
050 04 ^aBF637^bข251ก
100 1  ^aโจนส์, ลอรี่ เบธ
245 10 ^aกลยุทธ์อ่านใจคน จากพลังธาตุทั้งสี่ /^cลอรี่ เบธ โจนส์ ; ขวัญดวง แซ่เตีย,แปล
250    ^aพิมพ์ครั้งที่ 2
260    ^aกรุงเทพฯ :^bดีเอ็มจี,^c2551
300    ^a375 หน้า
650  4 ^aการทำนายลักษณะ
700 0  ^aขวัญดวง แซ่เตีย
945    ^p320^l0^i15255
995    ^aวิภา
999 ^a ใช้งานได้ทุกระบบ
รายการนี้ยังไม่มีแท็ก
คุณยังไม่ได้ล็อกอิน คุณสามารถมีกิจกรรมร่วมกับเว็บไซต์ได้ แต่ต้องล็อกอินก่อน ::
  ล็อกอิน

รายการสื่อสารสนเทศ

ลำดับที่ ประเภท เลขเรียก/บาร์โค้ด สถานที่ สถานะ
1. วิทยาศาสตร์การแพทย์ และสุขภาพ
วิทยาศาสตร์การแพทย์ และสุขภาพ
BF637 ข251ก  
  Barcode: 15255
ห้องสมุดวิทยาเขตสวรรค์ประชารักษ์
►หนังสือทั่วไป
บนชั้น

รายการใกล้เคียง
    ผู้แต่ง [โจนส์, ลอรี่ เบธ]

    หัวเรื่อง [การทำนายลักษณะ]

BibComment


ยังไม่เคยถูกคอมเมนท์

คอมเมนท์ทรัพยากรรายการนี้
  คอมเมนท์: กลยุทธ์อ่านใจคน ..


 Copyright 2026. Bcnsprnw @Library